E51(東関東道)のIC - Statistics

General Stats
  • This quiz has been taken 130 times
  • The average score is 18 of 24
Answer Stats
東関東道 % Correct
JCT 成田
92%
IC 成田
92%
IC 四街道
90%
IC 佐倉
89%
PA 酒々井
87%
IC 酒々井
87%
IC 潮来
87%
IC 千葉北
82%
JCT 大栄
80%
PA 大栄
80%
IC 大栄
80%
JCT 宮野木
79%
PA 湾岸幕張
76%
PA 佐原
75%
IC 湾岸市川
73%
IC 湾岸習志野
73%
JCT 高谷
72%
IC 富里
69%
IC 湾岸千葉
61%
IC 佐原香取
59%
IC 谷津船橋
57%
IC 鉾田
57%
JCT 茨城町
47%
IC 茨城空港北
37%
No matching quizzes found
Score Distribution
Percent of People with Each Score
Percentile by Number Answered
Your Score History
You have not taken this quiz